000 00733nam a2200241Ia 4500
003 OSt
005 20221006163943.0
006 a|||||r|||| 00| 0
007 ta
008 221006b |||||||| |||| 00| 0 eng d
024 _a7,806
037 _cDissertations
040 _aFML
_cFML
_beng
041 _2eng
_aeng
100 _aFonseka W. N. P. Au.
_9676274
110 _aDelhi University. Faculty of Music and Fine Arts. Department of Music
245 0 _aInfluence Of North Indian Ontho Nurthi Songs OF Sri Lanka
260 _c2015
300 _a90
_ccm.
700 _aDelhi University. Faculty of Music and Fine Arts. Department of Music
942 _cDIS
_2CC
999 _c1115807
_d1115807